All The Countries Where German is One of Their National Language(s) - Statistics

General Stats
  • This quiz has been taken 81 times
  • The average score is 5 of 6
Answer Stats
Population % of Population That Speaks German Answer % Correct
84,607,016 98% Germany
99%
9,154,514 99% Austria
93%
8,931,306 70% Switzerland
92%
39,724 100% Liechtenstein
71%
11,810,018 23% Belguim
63%
672,050 70% Luxembourg
49%
No matching quizzes found
Score Distribution
Percent of People with Each Score
Percentile by Number Answered
Your Score History
You have not taken this quiz